000 01105nam a2200217Ia 4500
999 _c36730
_d36730
001 2665
003 GE_BSU
005 20210216132330.0
008 181216s2011||||ge |||||||||||||| ||geo||
020 _a9789941412677
040 _cGE_BSU
041 _ageo
080 _a624(072) გ–59
100 _aგოგელია, კ.
_910121
245 _aმეთოდური მითითებები საკურსო პროდუქტებისა და პრაქტიკული ამოცანების შესასრულებლად რკინაბეტონის და ქვის კონსტრუქციებში :
_bნ.1 /
_cკ. გოგელია, თ. ქიქავა.
264 _aბათუმი :
_bშოთა რუსთაველის სახ. უნ–ტი,
_c2011.
300 _a42 გვ.;
_b19 სმ.
653 _aრკინა–ბეტონის და ქვის კონსტრუქციები.
700 _aქიქავა, თ.
_eავტორი
_9510
942 _cBK
_2udc